000 00306nam a22001337a 4500
020 _a0-7513-6905-5
082 _a030
_bDOR/S
100 _aDORLING KINDERSLEY
245 _aSCIENCE
_bPICTUREPEDIA
260 _aLONDON
_bDK BOOKS
_c1993
300 _a49
650 _aENCYCLOPEDIA
_zUNITED KINGDOM
942 _cBK
999 _c2301
_d2301